El último Carnaval (Registro nro. 47618)
[ vista simple ]
| 000 -ENCABEZADO | |
|---|---|
| Número de control [NR] | 01503nam a2200301Ia 4500 |
| 005 - FECHA Y HORA DE LA ÚLTIMA TRANSACCIÓN | |
| control field | 20140801170639.0 |
| 008 - DE LONGITUD FIJA DE DATOS DE ELEMENTOS - INFORMACIÓN GENERAL | |
| Elementos de longitud fija [NR] | 130821s1988 ck g q mlspa d |
| 040 ## - FUENTE DE CATALOGACION [NR] | |
| Agencia de catalogación original [NR] | CO-BoUCM |
| Idioma de catalogación [NR] | spa |
| Quien Cataloga | |
| Quien Clasifica | [Nuevo] |
| 041 ## - CODIGO DE IDIOMA [R] | |
| Código de idioma para texto/pista de sonido o título separado [R] | Español |
| 092 ## - SIGNATURA TOPOGRAFICA LOCAL | |
| Número de clasificación local | DVD 0060 |
| 245 13 - MENCION DE TITULO [NR] | |
| Título [NR] | El último Carnaval |
| Mención de responsabilidad, etc. [NR] | Ernesto McCausland |
| Parte restante del título [NR] | una historia verdadera |
| Medio físico [NR] | [DVD] |
| 260 ## - PUBLICACION, DISTRIBUCION, ETC. (PIE DE IMPRENTA) [R] | |
| Lugar de publicación, distribución, etc. [R] | Bogotá (Cundinamarca, Colombia) |
| Nombre del editor, distribuidor, etc. [R] | La Esquina del Cine |
| Fecha de publicación, distribución, etc. [R] | 1988 |
| 300 ## - DESCRIPCION FISICA [R] | |
| Extensión [R] | 1 DVD, 90 minutos |
| Otros detalles físicos [NR] | imagen, sonido |
| 490 ## - MENCION DE SERIE [R] | |
| Mención de serie [R] | Lo mejor del cine Colombiano |
| 500 ## - NOTA GENERAL [R] | |
| Nota general [NR] | SINOPSIS: Es la historia real de Benjamín García que se disfraza de Drácula en el carnaval de Barranquilla y termina creyéndose finalmente el Conde de Transilvania |
| 508 ## - NOTA DE CREDITOS DE CREACION/PRODUCCION [R] | |
| Nota de créditos de creación/producción [NR] | CRÉDITOS: Dirigida y producida por Ernesto McCausland ; escrita por Miriam de Flores ; música por Fernando Reina ; fotografía por Danilo Perdomo |
| 511 0# - NOTA DE PARTICIPANTE O INTERPRETE [R] | |
| Nota de participante o intérprete [NR] | REPARTO: Jorge Cao, Jennifer Steffens, Ana Milena Londoño |
| 546 ## - NOTA DE IDIOMA [R] | |
| Nota de idioma [NR] | Audio en español |
| 650 04 - ASIENTO SECUNDARIO DE MATERIA - TERMINO TEMATICO [R] | |
| Término temático o nombre geográfico como elemento de entrada [NR] | Novela colombiana |
| Subdivisión de forma [R] | DVD |
| 9 (RLIN) | 20483 |
| 650 04 - ASIENTO SECUNDARIO DE MATERIA - TERMINO TEMATICO [R] | |
| Término temático o nombre geográfico como elemento de entrada [NR] | Películas cinematográficas |
| Subdivisión de forma [R] | DVD |
| 9 (RLIN) | 7903 |
| 700 1# - ASIENTO SECUNDARIO - NOMBRE PERSONAL [R] | |
| Nombre personal [NR] | McCausland, Ernesto |
| Término de relación [R] | director |
| 9 (RLIN) | 63528 |
| 710 2# - ASIENTO SECUNDARIO - NOMBRE CORPORATIVO [R] | |
| Nombre corporativo o de jurisdicción como elemento de entrada [NR] | ProImagenes en Movimiento |
| 9 (RLIN) | 63526 |
| 710 2# - ASIENTO SECUNDARIO - NOMBRE CORPORATIVO [R] | |
| Nombre corporativo o de jurisdicción como elemento de entrada [NR] | La Esquina del Cine |
| 9 (RLIN) | 63529 |
| 710 2# - ASIENTO SECUNDARIO - NOMBRE CORPORATIVO [R] | |
| Nombre corporativo o de jurisdicción como elemento de entrada [NR] | Royal Films |
| 9 (RLIN) | 63530 |
| 765 0# - ASIENTO DE IDIOMA ORIGINAL [R] | |
| Título [NR] | El último Carnaval |
| 856 40 - LOCALIZACION Y ACCESO ELECTRONICOS [R] | |
| Identificador Uniforme del Recurso (“URI”) [R] | <a href="https://www.youtube.com/watch?v=-Mv8JuCJG8M">https://www.youtube.com/watch?v=-Mv8JuCJG8M</a> |
| Nota dirigida al público [R] | Siga este enlace para ver el trailer |
| -- | Trailer tomado del canal La Esquina del Cine vía YouTube.com |
| 942 ## - ELEMENTOS DE ENTRADA AGREGADOS (KOHA) | |
| Koha item type | Multimedia |
| Source of classification or shelving scheme | LOCAL |
| Tema principal | Entretenimiento |
| Edition | 1 |
| Classification part | DVD 0060 |
| Suprimido | Perdido | Sistema de clasificación | Dañado | No prestable | Tipo de ítem específico | Ubicación habitual | Ubicación actual | Localización | Fecha de creación | Forma de adquisición | Costo | Total préstamos | Signatura topográfica | Código de barras | Última vez visto | Fecha de último préstamo | Ejemplar | Price effective from | Tipo de ítem | Total Renewals |
|---|---|---|---|---|---|---|---|---|---|---|---|---|---|---|---|---|---|---|---|---|
| LOCAL | DVD | Claustro | Claustro | Colección digital | 28/02/2005 | Donación | 26000.00 | 43 | DVD 0060 | 100075142 | 10/12/2024 | 21/07/2017 | Ej.2 | 03/02/2013 | Multimedia | 2 | ||||
| LOCAL | Préstamo restringido | DVD | Procesos Técnicos (no para préstamo) | Procesos Técnicos (no para préstamo) | Procesos Técnicos | 28/02/2005 | Compra | 43017.00 | 3 | DVD 0060 | 100075094 | 04/12/2025 | 07/05/2012 | Ej.1 | 03/02/2013 | Multimedia |